[Event "European Blitz 2017"]
[Site "Katowice POL"]
[Date "2017.12.15"]
[Round "21.47"]
[White "Gazik, Viktor"]
[Black "Mikrut, Dariusz"]
[Result "0-1"]
[WhiteTitle "IM"]
[BlackTitle "IM"]
[WhiteElo "2479"]
[BlackElo "2375"]
[WhiteFideId "14928752"]
[BlackFideId "1112791"]
[EventDate "2017.12.15"]
[EventType "blitz"]

1. Nf3 Nf6 2. g3 g6 3. Bg2 Bg7 4. O-O O-O 5. c4 c6 6. d4 d6 7. Nc3 Bf5 8. e4
Nxe4 9. Re1 Nxc3 10. bxc3 Be6 11. Qb3 Qc8 12. a4 Nd7 13. Bg5 Re8 14. h4 Nb6 15.
Nd2 Nd7 16. Rab1 b6 17. Qc2 Nf6 18. Re2 Bh3 19. Bh1 e5 20. Qd3 h6 21. Be3 Ng4
22. f3 Nxe3 23. Qxe3 exd4 24. cxd4 c5 25. dxc5 dxc5 26. Nb3 Be6 27. Rc1 Rd8 28.
f4 Bg4 29. Ree1 Qd7 0-1

[Event "European Blitz 2017"]
[Site "Katowice POL"]
[Date "2017.12.15"]
[Round "21.48"]
[White "Polivanov, Anatoliy"]
[Black "Kowalczyk, Rafal"]
[Result "1/2-1/2"]
[WhiteTitle "IM"]
[WhiteElo "2383"]
[BlackElo "2223"]
[WhiteFideId "14109468"]
[BlackFideId "1133853"]
[EventDate "2017.12.15"]
[EventType "blitz"]

1. d4 d5 2. c4 dxc4 3. Nf3 Nf6 4. Nc3 a6 5. e4 e6 6. e5 Nd5 7. Bxc4 Nxc3 8. bxc3
b5 9. Bd3 Bb7 10. O-O Be7 11. a4 b4 12. cxb4 Bxb4 13. Qb3 a5 14. Bb5+ Nd7 15.
Bg5 Qc8 16. Rac1 Bd5 17. Qc2 Ra7 18. Nd2 O-O 19. Ne4 c5 20. dxc5 Nxe5 21. Nd6
Qa8 22. f3 Rc7 23. Be3 Rd8 24. Qf2 Bc6 25. Qg3 Ng6 26. h4 h5 27. Qg5 Bd5 28.
Qxh5 Qa7 29. Ne4 Rdc8 30. Ng5 Bxc5 31. Rxc5 Rxc5 32. Qh7+ Kf8 33. h5 Ne5 34.
Qh8+ Ke7 35. Qxg7 Qc7 36. Bxc5+ Qxc5+ 37. Kh1 Bc6 38. Bxc6 Rxc6 39. h6 Qc4 40.
Qxe5 Qxf1+ 41. Kh2 Qc4 42. Nh3 Qh4 43. Qxa5 Qxh6 44. Qa7+ Kf8 45. a5 Qf6 46.
Qb8+ Kg7 47. Qg3+ Kf8 48. Qb8+ Kg7 49. Qg3+ Kf8 50. Qb8+ Kg7 1/2-1/2

[Event "European Blitz 2017"]
[Site "Katowice POL"]
[Date "2017.12.15"]
[Round "21.49"]
[White "Lewicki, Miroslaw"]
[Black "Saraci, Nderim"]
[Result "1-0"]
[WhiteTitle "CM"]
[BlackTitle "FM"]
[WhiteElo "2404"]
[BlackElo "2398"]
[WhiteFideId "1113380"]
[BlackFideId "6351921"]
[EventDate "2017.12.15"]
[EventType "blitz"]

1. e4 c5 2. Nf3 d6 3. d4 cxd4 4. Nxd4 Nf6 5. Nc3 g6 6. Be2 Bg7 7. O-O O-O 8. Be3
Nc6 9. Nb3 Be6 10. f4 Rc8 11. Bf3 a6 12. Qd2 Bg4 13. Qf2 Bxf3 14. Qxf3 Qd7 15.
h3 Qe6 16. Rad1 Rfd8 17. Rfe1 Qc4 18. Bb6 Re8 19. e5 dxe5 20. fxe5 Nh5 21. e6
fxe6 22. Re4 Ne5 23. Qf2 Qc6 24. Na5 Rf8 25. Nxc6 Rxf2 26. Nxe7+ Kf7 27. Nxc8
Rxc2 28. Re2 Rxe2 29. Nxe2 Nc4 30. Bd4 Bf8 31. b3 Na3 32. Rf1+ Ke8 33. Rxf8+ 1-0

[Event "European Blitz 2017"]
[Site "Katowice POL"]
[Date "2017.12.15"]
[Round "21.50"]
[White "Krause, Jonah"]
[Black "Mis, Mieszko"]
[Result "1-0"]
[WhiteTitle "FM"]
[WhiteElo "2368"]
[BlackElo "2240"]
[WhiteFideId "12907910"]
[BlackFideId "1196448"]
[EventDate "2017.12.15"]
[EventType "blitz"]

1. d4 Nf6 2. c4 c6 3. Nf3 d5 4. Nc3 dxc4 5. a4 Bf5 6. Ne5 Nbd7 7. Nxc4 Qc7 8. g3
e5 9. dxe5 Nxe5 10. Bf4 Nfd7 11. Bg2 g5 12. Ne3 gxf4 13. Nxf5 O-O-O 14. Qc2 Nc5
15. O-O fxg3 16. hxg3 a5 17. Rad1 h5 18. Rxd8+ Qxd8 19. Rd1 Qf6 20. Ne4 Nxe4 21.
Qxe4 Bc5 22. e3 Rd8 23. Rxd8+ Kxd8 24. Qc2 Bb4 25. Qd1+ Kc7 26. Qxh5 Nd3 27. b3
Be1 28. f4 Qg6 29. Bf3 Bxg3 30. Kf1 Bf2 31. Ke2 Qe6 32. Kxd3 Qxb3+ 33. Ke2 Qa2+
34. Kf1 Kb6 35. Be2 Bxe3 36. Nxe3 Qxa4 37. Qxf7 Qe4 38. Kf2 a4 39. Qc4 Qh1 40.
Qb4+ Kc7 41. Qa5+ Kd7 42. Bg4+ Ke7 43. Qe5+ Kf7 44. Be6+ Kg6 45. Qg5+ Kh7 46.
Bf5+ Kh8 47. Qf6+ Kg8 48. Qd8+ Kg7 49. Qe7+ Kg8 50. Be6+ Kh8 51. Qf8+ Kh7 52.
Bf5# 1-0

[Event "European Blitz 2017"]
[Site "Katowice POL"]
[Date "2017.12.15"]
[Round "21.51"]
[White "Dragnev, Valentin"]
[Black "Berzina, Ilze"]
[Result "0-1"]
[WhiteTitle "IM"]
[BlackTitle "WGM"]
[WhiteElo "2458"]
[BlackElo "2211"]
[WhiteFideId "1634852"]
[BlackFideId "11601345"]
[EventDate "2017.12.15"]
[EventType "swiss"]

1. e4 e5 2. Nf3 Nc6 3. Bb5 a6 4. Ba4 Nf6 5. O-O Be7 6. Re1 b5 7. Bb3 d6 8. c3
Na5 9. Bc2 c5 10. h3 g5 11. d4 g4 12. hxg4 Nxg4 13. dxe5 dxe5 14. Qxd8+ Bxd8 15.
a4 b4 16. cxb4 cxb4 17. Bd2 Rb8 18. b3 Rg8 19. Bc1 Be6 20. Nbd2 Bb6 21. Re2 h5
22. Bb2 f6 23. Rd1 Rd8 24. Nh2 Rg7 25. Nxg4 Bxg4 26. Ree1 Bxd1 27. Rxd1 Rgd7 28.
Bc1 Rc8 29. Bb1 Nxb3 0-1

[Event "European Blitz 2017"]
[Site "Katowice POL"]
[Date "2017.12.15"]
[Round "21.52"]
[White "Lubczynski, Rafal"]
[Black "Widla, Piotr"]
[Result "1-0"]
[WhiteTitle "IM"]
[WhiteElo "2429"]
[BlackElo "2046"]
[WhiteFideId "1126091"]
[BlackFideId "1132164"]
[EventDate "2017.12.15"]
[EventType "blitz"]

1. Nf3 c5 2. c4 Nf6 3. Nc3 g6 4. d4 Bg7 5. d5 O-O 6. e4 d6 7. Be2 Na6 8. O-O Nc7
9. Re1 a6 10. a4 b6 11. Bf4 Rb8 12. Qd2 Re8 13. h3 Nh5 14. Bh2 Bd7 15. e5 dxe5
16. Nxe5 b5 17. axb5 axb5 18. Nxd7 Qxd7 19. Nxb5 Nxb5 20. Bxb8 Nd4 21. Bh2 Nb3
22. Qc2 Nxa1 23. Rxa1 Qb7 24. Bxh5 gxh5 25. Ra5 Qb4 26. Ra1 Bxb2 27. Rb1 Ra8 28.
Bf4 Ra1 29. Rxa1 Bxa1 30. Kh2 Qb2 31. Qxb2 Bxb2 32. Be3 Ba3 33. Kg3 Kg7 34. Kh4
Kg6 35. Kg3 Kf5 36. Kf3 Bb4 37. Ke2 Ke4 38. f3+ Kf5 39. Kd3 Ke5 40. Kc2 e6 41.
dxe6 fxe6 42. Kb3 Kf5 43. Ka4 Ke5 44. Kb5 Kd6 45. Kb6 Ba3 46. Bh6 Ke5 47. Bg7+
Kd6 48. Bf8+ Ke5 49. Bxc5 Bb2 50. Be3 Kd6 51. c5+ Kd7 52. Kb7 Be5 53. c6+ Kd8
54. Bd4 Bd6 55. Bb6+ Ke7 56. c7 Bxc7 57. Kxc7 1-0

[Event "European Blitz 2017"]
[Site "Katowice POL"]
[Date "2017.12.15"]
[Round "21.53"]
[White "Bednarek, Sylwester"]
[Black "Shkapenko, Pavel"]
[Result "0-1"]
[WhiteTitle "FM"]
[BlackTitle "IM"]
[WhiteElo "2307"]
[BlackElo "2431"]
[WhiteFideId "1101811"]
[BlackFideId "4151933"]
[EventDate "2017.12.15"]
[EventType "blitz"]

1. d4 Nf6 2. Bg5 Ne4 3. Bh4 c6 4. f3 Qa5+ 5. Nd2 Qh5 6. Nxe4 Qxh4+ 7. g3 Qh5 8.
e3 d5 9. Nf2 e5 10. f4 Qxd1+ 11. Rxd1 exd4 12. exd4 Bd6 13. Nf3 O-O 14. Bd3 Re8+
15. Kf1 Nd7 16. Kg2 Nf8 17. f5 b6 18. g4 Nd7 19. g5 c5 20. c3 c4 21. Bb1 b5 22.
Rhe1 Bb7 23. Ng4 Kf8 24. f6 g6 25. h4 Rxe1 26. Rxe1 Re8 27. Nge5 Nxe5 28. dxe5
Bc5 29. Nd4 Bc8 30. h5 Bg4 31. hxg6 hxg6 32. Kg3 Bh5 33. Kf4 b4 34. e6 Bd6+ 35.
Ke3 fxe6 36. Nc6 e5 37. cxb4 Rc8 38. b5 Bc5+ 39. Kd2 e4 40. Kc3 a6 41. a4 axb5
42. axb5 Rc7 43. b4 Bf2 44. Rf1 Be3 45. Bxe4 dxe4 46. Re1 Bxg5 47. Rxe4 Bxf6+
48. Kxc4 Kf7 49. Kc5 Bf3 50. Rf4 Bg2 51. Rf2 Bh1 52. Kb6 Rc8 53. Kb7 Re8 54. Rf1
Be4 55. Kc7 Re6 56. Kd7 Bf5 57. Kc7 Be5+ 58. Nxe5+ Rxe5 59. b6 Re7+ 60. Kc6 Ke8
61. b7 Be4+ 62. Kd6 Bxb7 63. Rf6 Be4 64. b5 Bf5 65. b6 Rb7 66. Kc6 Be4+ 67. Kc5
Ke7 68. Rf4 Bg2 69. Rf2 Bh1 70. Re2+ Kd7 71. Re1 Bf3 72. Re3 Bg4 73. Rd3+ Kc8
74. Rg3 Bf5 75. Ra3 Rd7 76. Ra8+ Kb7 77. Ra7+ Kb8 78. Ra3 Be4 79. Re3 Bg2 80.
Re6 Rg7 81. Re2 Bf3 82. Re3 Bg2 83. Re8+ Kb7 84. Re2 Bf3 85. Re3 Bg4 86. Re4 Bf5
87. Ra4 Rd7 88. Ra7+ Kb8 89. Ra3 Re7 90. Kd6 Re6+ 91. Kc5 Be4 92. Re3 Kb7 93.
Rb3 Rc6+ 94. Kd4 Bf5 95. Ke5 Rxb6 96. Rc3 Rc6 97. Rb3+ Kc7 98. Kf4 Kd7 99. Kg5
Rc4 100. Rb7+ Ke6 101. Rb8 Rg4+ 102. Kh6 Rh4+ 103. Kg5 Rh5+ 104. Kf4 g5+ 105.
Kg3 Rh3+ 106. Kg2 Rd3 107. Re8+ Kf6 108. Rf8+ Kg6 109. Rb8 Kh5 110. Rb4 g4 111.
Rb5 Kg5 112. Rc5 Kf4 113. Rc4+ Be4+ 0-1

[Event "European Blitz 2017"]
[Site "Katowice POL"]
[Date "2017.12.15"]
[Round "21.54"]
[White "Shubin, Kirill"]
[Black "De Filomeno, Simone"]
[Result "1-0"]
[WhiteTitle "FM"]
[BlackTitle "IM"]
[WhiteElo "2287"]
[BlackElo "2429"]
[WhiteFideId "34119962"]
[BlackFideId "828688"]
[EventDate "2017.12.15"]
[EventType "blitz"]

1. e4 c5 2. Ne2 g6 3. g3 Bg7 4. Bg2 Nc6 5. Nbc3 d6 6. d3 e5 7. O-O Nge7 8. f4
O-O 9. Be3 Rb8 10. Qd2 b6 11. h3 Bb7 12. f5 f6 13. g4 Nd4 14. Rf2 d5 15. Ng3
Nxc2 16. Qxc2 d4 17. Bd2 dxc3 18. bxc3 Ba6 19. Bf1 Rb7 20. Rf3 Rd7 21. Be1 Qc7
22. Qa4 Bb7 23. Be2 Rfd8 24. Bf2 a6 25. Be3 b5 26. Qb3+ Kh8 27. fxg6 hxg6 28.
Raf1 Rxd3 29. Bxd3 Rxd3 30. Qc2 c4 31. Bc1 Qd7 32. Rxd3 cxd3 33. Qd2 Qe6 34.
Qxd3 Qxa2 35. Qd8+ Ng8 36. Be3 Qc2 37. Qd2 Bxe4 38. Nxe4 Qxe4 39. Ra1 Qf3 40.
Kh2 f5 41. gxf5 gxf5 42. Rxa6 f4 43. Bf2 e4 44. Bd4 Qg3+ 45. Kh1 Qxh3+ 46. Kg1
Qg3+ 47. Kh1 Qf3+ 48. Kg1 Qg4+ 49. Kh1 e3 50. Qh2+ 1-0

[Event "European Blitz 2017"]
[Site "Katowice POL"]
[Date "2017.12.15"]
[Round "21.55"]
[White "Oglaza, Oskar"]
[Black "Bartel, Michal"]
[Result "0-1"]
[BlackTitle "FM"]
[WhiteElo "2245"]
[BlackElo "2360"]
[WhiteFideId "1194402"]
[BlackFideId "1119257"]
[EventDate "2017.12.15"]
[EventType "blitz"]

1. e4 e5 2. Nf3 Nc6 3. d4 exd4 4. Nxd4 Bc5 5. Nb3 Bb6 6. Nc3 Qf6 7. Qe2 Nge7 8.
Be3 d6 9. O-O-O Be6 10. Nd5 Bxd5 11. exd5 Ne5 12. f4 Nd7 13. g4 O-O-O 14. h4
Rhe8 15. Bxb6 axb6 16. Qf2 g6 17. Rd4 Nc5 18. Bg2 h5 19. Nxc5 dxc5 20. Ra4 Kb8
21. g5 Qd6 22. Rd1 Nf5 23. Rd3 Kc8 24. Bh3 Re7 25. Rd1 Kd7 26. Qf1 Ke8 27. Bxf5
gxf5 28. Qd3 Qd7 29. Ra7 Re4 30. Rxb7 Rxf4 31. d6 Rd4 32. Qe3+ Qe6 33. Qxe6+
fxe6 34. dxc7 Rxd1# 0-1

[Event "European Blitz 2017"]
[Site "Katowice POL"]
[Date "2017.12.15"]
[Round "21.56"]
[White "Rodshtein, Maxim"]
[Black "Lewtak, Damian"]
[Result "1-0"]
[WhiteTitle "GM"]
[WhiteElo "2699"]
[BlackElo "2358"]
[WhiteFideId "2806851"]
[BlackFideId "1141724"]
[EventDate "2017.12.15"]
[EventType "blitz"]

1. c4 e5 2. Nc3 Nf6 3. g3 d5 4. cxd5 Nxd5 5. Bg2 Nb6 6. d3 Be7 7. Be3 O-O 8. Rc1
Nc6 9. Bxc6 bxc6 10. Nf3 f6 11. O-O Nd5 12. Ne4 Nxe3 13. fxe3 Be6 14. b3 Bd5 15.
Nc3 Ba3 16. Rc2 Qe7 17. Nh4 g6 18. e4 Be6 19. Na4 Qd6 20. Rf2 Rab8 21. Qd2 Rb5
22. Kg2 Kg7 23. Qe3 Ra5 24. h3 Rb8 25. g4 Rb4 26. g5 f5 27. exf5 Bd5+ 28. Kg3
e4+ 29. Qf4 exd3 30. Qxd6 cxd6 31. exd3 gxf5 32. Nxf5+ Kg6 33. h4 Bf3 34. Ne7+
Kf7 35. Rxf3+ Kxe7 36. Rxc6 Rd5 37. Rc7+ Ke6 38. Rxh7 Rdd4 39. Nc3 Bb2 40. Ne4
d5 41. Nf6 Rb8 42. Rh6 1-0

[Event "European Blitz 2017"]
[Site "Katowice POL"]
[Date "2017.12.15"]
[Round "21.57"]
[White "Cherepov, Alexej"]
[Black "Kovalev, Denis"]
[Result "0-1"]
[BlackTitle "IM"]
[WhiteElo "2156"]
[BlackElo "2504"]
[WhiteFideId "13503650"]
[BlackFideId "14104059"]
[EventDate "2017.12.15"]
[EventType "blitz"]

1. d4 d5 2. c4 c6 3. Nf3 Nf6 4. Nc3 e6 5. g3 dxc4 6. a4 Bb4 7. Bg2 b5 8. Ne5 Nd5
9. Bd2 Bb7 10. O-O Bxc3 11. bxc3 Nd7 12. f4 O-O 13. e4 N5f6 14. Be3 a6 15. Nxd7
Qxd7 16. f5 c5 17. Qc2 exf5 18. Rxf5 Rae8 19. Rxc5 Bxe4 20. Bxe4 Nxe4 21. Re5
Rxe5 22. dxe5 Qd3 23. Qxd3 cxd3 24. axb5 axb5 25. Bd4 Rc8 26. Rd1 Nxc3 27. Rxd3
Ne2+ 28. Kf2 Nxd4 29. Rxd4 Kf8 30. Ke3 Ke7 31. Rb4 Rb8 32. Ke4 Ke6 33. g4 g5 34.
h3 h6 35. Kd4 Rd8+ 36. Ke4 Rd5 37. Kf3 Kxe5 38. Ke3 f5 39. gxf5 Kxf5 40. h4 g4
41. Rf4+ Ke5 42. Rxg4 h5 43. Rg8 Kd6 44. Ke4 Re5+ 45. Kd4 Rf5 46. Ke4 Rc5 47.
Rg6+ Kc7 48. Kd4 Rc4+ 49. Kd5 Rxh4 50. Rc6+ Kb7 51. Rh6 b4 52. Re6 b3 53. Re2
Rb4 54. Kc5 b2 55. Re7+ Ka6 56. Kxb4 b1=Q+ 57. Ka4 Qb5+ 58. Ka3 Qc5+ 0-1

[Event "European Blitz 2017"]
[Site "Katowice POL"]
[Date "2017.12.15"]
[Round "21.58"]
[White "Mikhalchishin, Adrian"]
[Black "Paszewski, Mateusz"]
[Result "1-0"]
[WhiteTitle "GM"]
[BlackTitle "FM"]
[WhiteElo "2479"]
[BlackElo "2307"]
[WhiteFideId "14602385"]
[BlackFideId "1141058"]
[EventDate "2017.12.15"]
[EventType "blitz"]

1. Nf3 d5 2. d4 Nf6 3. c4 c6 4. e3 Bf5 5. Nc3 e6 6. Nh4 Be4 7. f3 Bg6 8. Qb3 Qc7
9. g3 Be7 10. Bd2 O-O 11. Nxg6 hxg6 12. Rc1 Qd7 13. cxd5 cxd5 14. Bb5 Nc6 15.
Na4 Rfc8 16. O-O Ne8 17. Rc2 Rc7 18. Rfc1 Rac8 19. Kg2 Nd6 20. Nc5 Qd8 21. Bd3
Nb8 22. Nxb7 Nxb7 23. Qxb7 Rxc2 24. Rxc2 Rxc2 25. Bxc2 a6 26. Ba4 Bd6 27. a3 g5
28. Bb4 Bxb4 29. axb4 g6 30. g4 Kg7 31. Bc2 Qd6 32. Bd3 Kf6 33. b5 axb5 34. Bxb5
Kg7 35. Ba4 Kf6 36. b4 Kg7 37. Be8 1-0

[Event "European Blitz 2017"]
[Site "Katowice POL"]
[Date "2017.12.15"]
[Round "21.59"]
[White "Zelcic, Robert"]
[Black "Fedorov, Evgueny"]
[Result "1-0"]
[WhiteTitle "GM"]
[WhiteElo "2501"]
[BlackElo "2241"]
[WhiteFideId "14500310"]
[BlackFideId "4188004"]
[EventDate "2017.12.15"]
[EventType "blitz"]

1. e4 Nf6 2. e5 Nd5 3. d4 d6 4. Nf3 Nb6 5. Bd3 g6 6. O-O Bg7 7. h3 O-O 8. Re1
Nc6 9. Qe2 dxe5 10. dxe5 Nd4 11. Nxd4 Qxd4 12. Nd2 Be6 13. Nf3 Qd7 14. Bg5 Rfe8
15. Rad1 Qc8 16. Nd4 c6 17. a3 Nd5 18. c4 Nb6 19. b3 a5 20. a4 Rb8 21. Qe3 Na8
22. Nxe6 Qxe6 23. f4 f6 24. Bh4 fxe5 25. fxe5 Rf8 26. Bg3 Rbd8 27. Be2 h5 28. c5
Nc7 29. Bc4 Nd5 30. Qd2 Kh7 31. Qxa5 Qf5 32. Bxd5 Rxd5 33. Rxd5 cxd5 34. Qd2 e6
35. b4 Bh6 36. Qe2 d4 37. Qe4 Be3+ 38. Rxe3 dxe3 39. Qxe3 Rd8 40. Qf3 Qxf3 41.
gxf3 Rd4 42. Be1 Rd1 43. Kf2 Ra1 44. a5 Rb1 45. Ke2 g5 46. Bd2 Kg6 47. Kd3 Kf5
48. Kc4 Kxe5 49. b5 Rd1 50. Bc3+ Kf5 51. c6 bxc6 52. b6 Rb1 53. Bb4 c5 54. Kxc5
Rc1+ 55. Kb5 Rc8 56. b7 Re8 57. a6 g4 58. fxg4+ hxg4 59. hxg4+ Kxg4 60. Bd6 Kf5
61. b8=Q 1-0

[Event "European Blitz 2017"]
[Site "Katowice POL"]
[Date "2017.12.15"]
[Round "21.60"]
[White "Narva, Mai"]
[Black "Kuzmicz, Krystian"]
[Result "0-1"]
[WhiteTitle "WIM"]
[BlackTitle "IM"]
[WhiteElo "2211"]
[BlackElo "2460"]
[WhiteFideId "4500512"]
[BlackFideId "1119125"]
[EventDate "2017.12.15"]
[EventType "blitz"]

1. e4 c5 2. Nf3 e6 3. c3 b6 4. d4 Bb7 5. Bd3 Nf6 6. e5 Nd5 7. O-O d6 8. exd6
Bxd6 9. Bg5 Qc7 10. dxc5 Bxc5 11. Nbd2 Nc6 12. Ne4 Be7 13. c4 Nf6 14. c5 bxc5
15. Bxf6 gxf6 16. Rc1 Qb6 17. Bc4 Rd8 18. Qe2 O-O 19. Qe3 Nd4 20. Nfd2 f5 21.
Ng3 Kh8 22. Nb3 Qd6 23. Qh6 Rg8 24. Qh5 f4 25. Ne2 Rxg2+ 0-1

[Event "European Blitz 2017"]
[Site "Katowice POL"]
[Date "2017.12.15"]
[Round "21.61"]
[White "Wachinger, Nikolas"]
[Black "Krejci, Jan2"]
[Result "0-1"]
[BlackTitle "GM"]
[WhiteElo "2243"]
[BlackElo "2570"]
[WhiteFideId "12962791"]
[BlackFideId "322156"]
[EventDate "2017.12.15"]
[EventType "blitz"]

1. e4 e5 2. Nf3 Nc6 3. Bb5 a6 4. Ba4 Nf6 5. O-O Be7 6. Re1 b5 7. Bb3 O-O 8. c3
d6 9. d4 Bg4 10. Be3 exd4 11. cxd4 Na5 12. Bc2 Nc4 13. Bc1 c5 14. b3 Nb6 15.
Nbd2 Rc8 16. Bb2 Nfd7 17. h3 Bh5 18. Nf1 cxd4 19. g4 d3 20. Bxd3 Bg6 21. Ng3 Bf6
22. e5 dxe5 23. Bxg6 hxg6 24. Nxe5 Nxe5 25. Qxd8 Nf3+ 0-1

[Event "European Blitz 2017"]
[Site "Katowice POL"]
[Date "2017.12.15"]
[Round "21.62"]
[White "Rigopoulos-Tsigkos, Alexandros"]
[Black "Stocek, Jiri"]
[Result "0-1"]
[BlackTitle "GM"]
[WhiteElo "2117"]
[BlackElo "2566"]
[WhiteFideId "4215109"]
[BlackFideId "304760"]
[EventDate "2017.12.15"]
[EventType "blitz"]

1. e4 c5 2. Nf3 Nc6 3. b3 Nf6 4. e5 Nd5 5. Bb2 g6 6. Bc4 Nf4 7. e6 f6 8. exd7+
Qxd7 9. O-O e5 10. g3 Ne6 11. Re1 Bg7 12. c3 Na5 13. Bf1 b6 14. d4 Bb7 15. Qe2
e4 16. Nfd2 f5 17. dxc5 Nxc5 18. Bg2 O-O-O 19. Nc4 Nxc4 20. Qxc4 Ba6 0-1

[Event "European Blitz 2017"]
[Site "Katowice POL"]
[Date "2017.12.15"]
[Round "21.64"]
[White "Kanarek, Marcel"]
[Black "Szadkowski, Kamil"]
[Result "1-0"]
[WhiteTitle "GM"]
[WhiteElo "2505"]
[BlackElo "2291"]
[WhiteFideId "1126822"]
[BlackFideId "1123203"]
[EventDate "2017.12.15"]
[EventType "blitz"]

1. e4 e5 2. Nf3 Nc6 3. Bb5 a6 4. Ba4 Nf6 5. O-O b5 6. Bb3 Be7 7. Re1 O-O 8. c3
d6 9. h3 Na5 10. Bc2 c5 11. d4 Nd7 12. Kh1 cxd4 13. cxd4 Bf6 14. Nc3 Nb6 15. d5
Bd7 16. b3 Rc8 17. Ne2 Nb7 18. g4 Be7 19. Ng3 Nc5 20. Rg1 Qc7 21. Be3 a5 22. Rc1
a4 23. Nf5 Bxf5 24. gxf5 axb3 25. axb3 Kh8 26. Qd2 Ra8 27. Bh6 Bf6 28. Bxg7+
Bxg7 29. Rxg7 Kxg7 30. Qg5+ Kh8 31. Qf6+ 1-0

[Event "European Blitz 2017"]
[Site "Katowice POL"]
[Date "2017.12.15"]
[Round "21.65"]
[White "Pultinevicius, Paulius"]
[Black "Zaleski, Lukasz"]
[Result "1-0"]
[WhiteTitle "IM"]
[WhiteElo "2371"]
[BlackElo "2229"]
[WhiteFideId "12809390"]
[BlackFideId "1172611"]
[EventDate "2017.12.15"]
[EventType "blitz"]

1. d4 Nf6 2. c4 e6 3. Nc3 Bb4 4. e3 c5 5. Nf3 O-O 6. Bd3 d5 7. O-O Nc6 8. cxd5
exd5 9. dxc5 Bxc5 10. h3 a6 11. a3 Be6 12. Ne2 Ne4 13. b4 Qf6 14. Rb1 Bd6 15.
Bb2 Qh6 16. Ned4 Rad8 17. Nxe6 fxe6 18. Bxe4 dxe4 19. Nd2 Bc7 20. Qc2 Qg6 21.
Nxe4 Be5 22. Rfc1 Rc8 23. Nc5 Qf7 24. f4 Bb8 25. Qe4 Rce8 26. Rd1 b6 27. Rd7 Re7
28. Qxc6 bxc5 29. Rxe7 Qxe7 30. Qxc5 Bd6 31. Qd4 Rd8 32. Qe4 Bc7 33. Bd4 Qf7 34.
Rc1 Bd6 35. Rc6 Qe7 36. Rxa6 Qc7 37. Rc6 Qd7 38. Rc1 Re8 39. Rb1 Qa4 40. Qf3 Qc2
41. Rf1 Qd3 42. Qg4 g6 43. Qg5 Qxa3 44. Qf6 e5 45. Qxd6 exd4 46. Qd5+ Kf8 47.
Qxd4 Qa6 48. Qh8+ Kf7 49. Qxh7+ Kf6 50. Rc1 Qb6 51. Kh1 Rxe3 52. Qd7 Re7 53.
Rc6+ Kf7 54. Qxe7+ Kxe7 55. Rxb6 1-0

[Event "European Blitz 2017"]
[Site "Katowice POL"]
[Date "2017.12.15"]
[Round "21.66"]
[White "Vaicekauskas, Gytis"]
[Black "Maier, Christian"]
[Result "0-1"]
[BlackTitle "IM"]
[WhiteElo "2210"]
[BlackElo "2393"]
[WhiteFideId "12805459"]
[BlackFideId "4601955"]
[EventDate "2017.12.15"]
[EventType "blitz"]

1. e4 e6 2. d4 d5 3. Nc3 Bb4 4. exd5 exd5 5. Nf3 Bg4 6. Be2 Ne7 7. O-O O-O 8.
Bf4 c6 9. Ne5 Bxe2 10. Nxe2 Na6 11. Ng3 Nc7 12. Qg4 Qc8 13. Qf3 Ne6 14. Nd3 Nxd4
15. Qe3 Nef5 16. Nxf5 Nxf5 17. Qh3 Bd6 18. Rfe1 Bxf4 19. Nxf4 Nd4 20. Qd3 Ne6
21. Ne2 Qc7 22. Ng3 g6 23. Re3 Nf4 24. Qd4 Rae8 25. Rae1 Re6 26. Rxe6 Nxe6 27.
Qf6 Qf4 28. Qe7 Qb8 29. h4 Re8 30. Qf6 Qd8 31. Qxd8 Rxd8 32. h5 Kg7 33. hxg6
hxg6 34. Nf1 c5 35. Ne3 b5 36. a4 d4 37. Ng4 bxa4 38. Ra1 Rb8 39. Ra2 Nf4 40.
Kf1 Rb7 41. Ne5 f6 42. Nc4 Rb4 43. Nd6 Kf8 44. Ne4 d3 45. cxd3 Nxd3 46. Nxf6
Rxb2 47. Nd7+ Ke7 48. Ra3 Rxf2+ 49. Kg1 Rd2 50. Nb8 Nf4 51. Rxa4 Rxg2+ 52. Kf1
Rg4 53. Rxa7+ Ke6 54. Rc7 Nd3 55. Ke2 Rg3 56. Na6 Kd5 57. Rd7+ Kc4 58. Rc7 Rg2+
59. Kf3 Rf2+ 60. Ke3 Rf5 61. Rd7 Nb4 62. Nc7 Nd5+ 63. Nxd5 Rxd5 64. Rg7 g5 65.
Ke4 Rd4+ 66. Ke5 g4 67. Rg5 Kd3 68. Rg8 c4 0-1

[Event "European Blitz 2017"]
[Site "Katowice POL"]
[Date "2017.12.15"]
[Round "21.67"]
[White "Valeinis, Janis"]
[Black "Kreisl, Robert"]
[Result "0-1"]
[BlackTitle "IM"]
[WhiteElo "2227"]
[BlackElo "2440"]
[WhiteFideId "11601450"]
[BlackFideId "1613880"]
[EventDate "2017.12.15"]
[EventType "blitz"]

1. d4 g6 2. Nf3 Bg7 3. g3 c5 4. d5 d6 5. c4 e6 6. Nc3 exd5 7. cxd5 Nf6 8. Bg2
O-O 9. O-O Re8 10. Nd2 a6 11. a4 Nbd7 12. a5 b5 13. axb6 Nxb6 14. Qc2 Nh5 15. b3
Rxe2 16. Nxe2 Bxa1 17. Bb2 Bxb2 18. Qxb2 Qf6 19. Qa2 Qe7 20. Nc3 Nf6 21. Qa1 Bb7
22. Re1 Qf8 23. Nc4 Nbd7 24. Na5 Rb8 25. Nc6 Ra8 26. Na5 Rb8 27. Nc6 Re8 28. Na5
Ba8 29. Nc6 Bb7 30. Na5 Bc8 31. Nc6 h5 32. Bh3 Ne5 33. Kg2 Bxh3+ 34. Kxh3 Nxc6 0-1

[Event "European Blitz 2017"]
[Site "Katowice POL"]
[Date "2017.12.15"]
[Round "21.68"]
[White "Dorokhin, Mykhailo"]
[Black "Jahncke, Giso"]
[Result "1-0"]
[BlackTitle "FM"]
[WhiteElo "2243"]
[BlackElo "2403"]
[WhiteFideId "14114178"]
[BlackFideId "24608289"]
[EventDate "2017.12.15"]
[EventType "blitz"]

1. e4 d5 2. Nc3 d4 3. Nce2 e5 4. Ng3 h5 5. Bc4 g6 6. d3 f6 7. f4 h4 8. N3e2 Bd6
9. Nf3 h3 10. g3 Bg4 11. O-O exf4 12. Nxf4 Ne7 13. Be6 Bxe6 14. Nxe6 Qd7 15.
Nexd4 Bc5 16. Be3 Nbc6 17. c3 O-O-O 18. b4 Bb6 19. Qe2 Ne5 20. a4 a5 21. Nxe5
fxe5 22. Nf3 Qxd3 23. Qxd3 Rxd3 24. Bxb6 cxb6 25. Nxe5 Rxc3 26. Rac1 axb4 27.
Rxc3+ bxc3 28. Rc1 Rd8 29. Rxc3+ Kb8 30. Rd3 Rc8 31. g4 Rc1+ 32. Kf2 Ra1 33.
Rxh3 Rxa4 34. Re3 b5 35. h4 Ra2+ 36. Kg3 b4 37. h5 gxh5 38. gxh5 Ng8 39. Nf7 Ra3
40. Kf2 b3 41. h6 Nxh6 42. Nxh6 b2 43. Rxa3 b1=Q 44. Re3 Qb2+ 45. Kg3 Qe5+ 46.
Kg4 Qd4 47. Nf5 Qe5 48. Kf3 b5 49. Rd3 b4 50. Nd4 Qc5 51. Nb3 Qc4 52. Ke3 Qc2
53. e5 Qh2 54. Kd4 Qf4+ 55. Kd5 Kc7 56. Nc5 1-0